000 00590cam a22002053a 4500
001 33634
003 PGUSA
005 20140828083728.0
008 100904s2010||||xxu|||||s|||||000 | eng d
040 _aPGUSA
_beng
042 _adc
100 1 _aPackard, Frank L.
_q(Frank Lucius),
_d1877-1942
245 1 4 _aThe Night Operator
_h[electronic resource] /
_cFrank L. Packard
260 _bProject Gutenberg,
_c2010
506 _aPublic domain in the USA.
516 _aElectronic text
830 0 _aProject Gutenberg
_v33634
856 4 0 _uhttp://www.gutenberg.org/ebooks/33634
942 _cEB
999 _c262889
_d262889